Vplyv nákladov a výnosov na výsledok hospodárenia z účtovného pohľadu v spoločnosti CHEMES, a.s., Humenné bakalárska práca

Saved in:
Bibliographic Details
Main Author: Feretová, Danka
Corporate Author: Podnikovohospodárska fakulta EU so sídlom v Košiciach. Katedra účtovníctva a financií
Other Authors: Demčáková, Gabriela
Format: Book
Language:Slovak
Published: Košice 2009
Tags: Add Tag
No Tags, Be the first to tag this record!

MARC

LEADER 00000nam$a2200000$$$4500
001 0106016
005 20240320075517.4
041 0 |a slo 
044 |a SK 
245 1 0 |a Vplyv nákladov a výnosov na výsledok hospodárenia z účtovného pohľadu v spoločnosti CHEMES, a.s., Humenné  |b bakalárska práca  |c Danka Feretová ; škol. Gabriela Demčáková 
264 1 |a Košice  |c 2009 
300 |a 67 s. 
100 1 |a Feretová, Danka 
700 1 |a Demčáková, Gabriela 
710 2 |a Podnikovohospodárska fakulta EU so sídlom v Košiciach. Katedra účtovníctva a financií